Library of the University of Algiers 3
Ibrahim Sultan Cheibout
شعار جامعة الجزائر 3
مكتبة جامعة الجزائر 3
إبراهيم سلطان شيبوط

محاضرات في النظرية المالية / (رقم التسجيلة. 41111)

تفاصيل مارك
000 -LEADER
fixed length control field 02700nam a2200277Ia 4500
003 - CONTROL NUMBER IDENTIFIER
control field Ost
005 - DATE AND TIME OF LATEST TRANSACTION
control field 20260416102354.0
008 - FIXED-LENGTH DATA ELEMENTS--GENERAL INFORMATION
fixed length control field 260416s9999||||xx |||||||||||||| ||und||
040 ## - CATALOGING SOURCE
Transcribing agency fsecg
041 ## - LANGUAGE CODE
Language code of text/sound track or separate title ara
082 ## - DEWEY DECIMAL CLASSIFICATION NUMBER
Classification number 332
100 ## - MAIN ENTRY--PERSONAL NAME
Personal name رفاع، توفيق
Relator term مؤلف
245 #0 - TITLE STATEMENT
Title محاضرات في النظرية المالية /
Statement of responsibility, etc. توفيق رفاع
260 ## - PUBLICATION, DISTRIBUTION, ETC.
Place of publication, distribution, etc. الجزائر
Name of publisher, distributor, etc. جامعة الجزائر3: كلية العلوم الإقتصادية، العلوم التجارية وعلوم التسيير
Date of publication, distribution, etc. 2019
300 ## - PHYSICAL DESCRIPTION
Extent 147 ورقة
Other physical details ايضاحات
Dimensions 30 سم
504 ## - BIBLIOGRAPHY, ETC. NOTE
Bibliography, etc. note مراجع ص.144
520 ## - SUMMARY, ETC.
Summary, etc. مفاهيم عامة والمقاربة التقليدية لنظرية المالية (النظرية الداعمة لأمثلية التمويل، أمثلية الاستدانة)، النظرية نيو كلاسيكية، نظرية موديلياني و ميلرF.Modigliani et M.Miller ، نظرية الوكالة و ادراج عامل عدم التناسق أو التماثل في المعلومات، نظرية الاشارة و ادراج عامل عدم التناسق أو التماثل في المعلومات، نظرية التوازن (ازالة فرضية عدم وجود الافلاس و الوكالة)، التعمق في تحليل نظرية التوازن (التحكيم) و استهداف مستوى معين للاستدانة (التحكيم السكوني و الديناميكي)، نظرية التمويل الهرمي (نظرية التسلسل السلمي للتمويل أو نظرية ترتيب أفضلية مصادر التمويل)، التحكيم بين نظرية التوازن و نظرية التمويل الهرمي في تحديد قرار التمويل للمؤسسات، بعض النظريات أو دراسات إضافية متعلقة بتحديد القرار التمويلي للمؤسسة، نظرية المالية و سياسة توزيع الارباح، نظرية المالية و سياسة توزيع الارباح، نظرية الكفاءة المعلوماتية في الاسواق المالية، نظرية نموذج تسعير الأصول المالية، نظرية أو نموذج تقييم الاصول المالية بالتحكيم، نظريات الفشل المالي.
653 ## - INDEX TERM--UNCONTROLLED
Uncontrolled term الارباح
653 ## - INDEX TERM--UNCONTROLLED
Uncontrolled term الاسواق المالية
653 ## - INDEX TERM--UNCONTROLLED
Uncontrolled term الافلاس
653 ## - INDEX TERM--UNCONTROLLED
Uncontrolled term التمويل
653 ## - INDEX TERM--UNCONTROLLED
Uncontrolled term التوازن الاقتصادي
653 ## - INDEX TERM--UNCONTROLLED
Uncontrolled term المالية
710 ## - ADDED ENTRY--CORPORATE NAME
Corporate name or jurisdiction name as entry element جامعة الجزائر3: كلية العلوم الإقتصادية، العلوم التجارية وعلوم التسيير
Relator term ناشر علمي
942 ## - ADDED ENTRY ELEMENTS (KOHA)
Koha item type مطبوعات
المقتنيات
Withdrawn status Lost status Source of classification or shelving scheme Damaged status Not for loan Home library Current library Date acquired Serial enumeration / chronology Inventory number Total checkouts Full call number Barcode Date last seen Price effective from Koha item type
    Dewey Decimal Classification   NOT LOAN / إعارة داخلية مكتبة كلية العلوم الإقتصادية والعلوم التجارية وعلوم التسيير مكتبة كلية العلوم الإقتصادية والعلوم التجارية وعلوم التسيير 16/04/2026 الطابق الثاني مط.184-1   مط.184 ن1 مط.184-1 16/04/2026 16/04/2026 مطبوعات

موارد الويب المفتوحة


© University of Algiers 3 All Rights Reserved
|
Implemented by LECHELAH Riad